| 000 | 00737nam a2200265 4500 | ||
|---|---|---|---|
| 003 | OTs | ||
| 005 | 20260601171019.0 | ||
| 008 | 260513b2021\\\\|||ao|||\||||\00|\0\eng\d | ||
| 020 | _a9783836567558 | ||
| 040 |
_aICI _bspa _cICI _erda |
||
| 050 |
_aNK2115 _bJ63 2021 |
||
| 245 | _aInteriors Now | ||
| 264 |
_aItalia _bTASCHEN _c2021 |
||
| 300 | _a500 Páginas | ||
| 336 |
_2rdacontent _atexto |
||
| 337 |
_2rdamedia _asin medio |
||
| 338 |
_2rdacarrier _avolumen |
||
| 650 |
_aDiseño de interiores _919717 |
||
| 650 |
_aDecoración de interiores _96140 |
||
| 650 |
_aArquitectura interior _934398 |
||
| 650 | _aEspacios interiores | ||
| 650 | _aDiseño contemporáneo | ||
| 700 |
_aAurelia Taschen _eed. _934401 |
||
| 942 |
_2lcc _n1 _cB |
||
| 999 |
_c20811 _d20811 |
||